Mathematics for Economics and Business (Record no. 350018)

000 -LEADER
fixed length control field 00505nam a22001817a 4500
003 - CONTROL NUMBER IDENTIFIER
control field OSt
005 - DATE AND TIME OF LATEST TRANSACTION
control field 20180116183005.0
008 - FIXED-LENGTH DATA ELEMENTS--GENERAL INFORMATION
fixed length control field 150806b xxu||||| |||| 00| 0 eng d
020 ## - INTERNATIONAL STANDARD BOOK NUMBER
International Standard Book Number 1405128097
040 ## - CATALOGING SOURCE
Transcribing agency 0
082 ## - DEWEY DECIMAL CLASSIFICATION NUMBER
Edition number 2nd
Classification number 519.5 SOP 2004
100 ## - MAIN ENTRY--PERSONAL NAME
Personal name Jean Soper
245 ## - TITLE STATEMENT
Title Mathematics for Economics and Business
Remainder of title An Interactive Introduction
Statement of responsibility, etc. Jean Soper
260 ## - PUBLICATION, DISTRIBUTION, ETC.
Place of publication, distribution, etc. Indian
Name of publisher, distributor, etc. Blackwell
Date of publication, distribution, etc. 2004
300 ## - PHYSICAL DESCRIPTION
Extent 404 p.
Other physical details PB
440 ## - SERIES STATEMENT/ADDED ENTRY--TITLE
Title Mathematics for Economics and Business
942 ## - ADDED ENTRY ELEMENTS (KOHA)
Source of classification or shelving scheme
Koha item type Book
Holdings
Withdrawn status Lost status Source of classification or shelving scheme Damaged status Not for loan Collection code Permanent Location Current Location Shelving location Date acquired Total Checkouts Full call number Barcode Date last seen Date last checked out Price effective from Koha item type
            Central Library (CL) Central Library (CL) General Stacks 08/06/2015 2 519.5 SOP 2004 NBS9300 10/11/2017 09/18/2017 08/06/2015 Book
© 2023 Central Library, National University of Sciences and Technology. All Rights Reserved.